Memoria / (Record no. 102145)

MARC details
000 -LEADER
campo de control de longitud fija 00585nam a2200181 i 4500
001 - NÚMERO DE CONTROL
campo de control 102145
003 - IDENTIFICADOR DE NÚMERO DE CONTROL
campo de control ES-MaACL
005 - FECHA Y HORA DE LA ÚLTIMA TRANSACCIÓN
campo de control 20260201164428.0
007 - CAMPO FIJO DE DESCRIPCIÓN FÍSICA--INFORMACIÓN GENERAL
campo de control de longitud fija t|
008 - DATOS DE LONGITUD FIJA--INFORMACIÓN GENERAL
campo de control de longitud fija 051104s1929 sp ||||1| spa d
111 2# - ENTRADA PRINCIPAL--NOMBRE DE CONGRESO/REUNIÓN
Nombre de congreso/reunión o jurisdicción como elemento de entrada Feria de Muestras Asturiana (
Número del congreso/reunión o número de parte o sección 5ª.
Fecha del congreso o de la firma del tratado 1929.
Sede del congreso/Lugar de la reunión Gijón)
9 (RLIN) 725
245 10 - MENCIÓN DEL TÍTULO
Título Memoria /
Mención de responsabilidad, etc. V Feria de Muestras Asturiana, I Exposición Agro-Pecuaria.
260 ## - PUBLICACIÓN, DISTRIBUCIÓN, ETC.
Lugar de publicación, distribución, etc. Gijón :
Nombre del editor, distribuidor, etc. La Industria,
Fecha de publicación, distribución, etc. 1929.
300 ## - DESCRIPCIÓN FÍSICA
Extensión 234 p. :
Otras características físicas il. ;
Dimensiones 21 cm.
711 0# - ENTRADA AGREGADA--NOMBRE DE REUNIÓN
Nombre de congreso/reunión o jurisdicción como elemento de entrada Exposición Agro-Pecuaria
Número del congreso/reunión o número de parte o sección (1ª.
Fecha del congreso o de la firma del tratado 1929.
Sede del congreso/Lugar de la reunión Gijón)
9 (RLIN) 652
852 ## - LOCALIZACIÓN
Ubicación ES-MaACL
Número de control de estantería A-1270
Holdings
Estatus retirado Estado de pérdida Estado de daño No para préstamo Biblioteca de origen Biblioteca actual Ubicación en estantería Fecha de adquisición Fuente de adquisición Total de préstamos Signatura topográfica completa Código de barras Visto por última vez Precio de reemplazo Tipo de ítem Koha
        Biblioteca del Ateneo de Madrid Biblioteca del Ateneo de Madrid Sala Pecera Planta 1 17/01/2008     A-1270 1106630 23/02/2023 23/02/2023 Libro impreso